01360pam a2200325Ia 4500001001100000003000800011006001900019007001500038008004100053010001700094020003500111020003500146040002100181035002100202050002500223245012800248260006500376300002400441490005900465504005300524533015200577546001300729650002800742655002900770700002800799710001700827830004800844856012500892999001701017ebr5000272CaPaEBRm u cr cn|||||||||981105s2001 ne a sb 001 0 eng d z 98051348  z155619188X (pbk. : alk. paper) z9027251282 (Eur. : alk. paper) aCaPaEBRcCaPaEBR a(OCoLC)22804059114aQP360.5b.F55 2001eb00aFinding consciousness in the brainh[electronic resource] :ba neurocognitive approach /cedited by Peter G. Grossenbacher. aAmsterdam ;aPhiladelphia :bJohn Benjamin Pub. Co.,cc2001. axiv, 326 p. :bill.1 aAdvances in consciousness research,x1381-589X ;vv. 8 aIncludes bibliographical references and indexes. aElectronic reproduction.bPalo Alto, Calif. :cebrary,d2013.nAvailable via World Wide Web.nAccess may be limited to ebrary affiliated libraries. aEnglish. 0aCognitive neuroscience. 7aElectronic books.2local1 aGrossenbacher, Peter G.2 aebrary, Inc. 0aAdvances in consciousness research ;vv. 8.40uhttp://site.ebrary.com/lib/rucke/Doc?id=5000272zAn electronic book accessible through the World Wide Web; click to view c17693d17693